Abelian l-adic representations and elliptic curves : McGill University lecture notes /
Guardado en:
| Autor Principal: | |
|---|---|
| Formato: | Libro |
| Idioma: | English |
| Publicado: |
New York :
W. A. Benjamin,
1968.
|
| Materias: | |
| Etiquetas: |
Agregar Etiqueta
Sin Etiquetas, Sea el primero en etiquetar este registro!
|
| LEADER | 00805cam a22002175a 4500 | ||
|---|---|---|---|
| 001 | MAT.inmabb003106 | ||
| 008 | 700928s1968####nyu######b####000#0#eng## | ||
| 005 | 20130304122936.0 | ||
| 245 | 1 | 0 | |a Abelian l-adic representations and elliptic curves : |b McGill University lecture notes / |c Jean-Pierre Serre ; written with the collaboration of Willem Kuyk and John Labute. |
| 260 | |a New York : |b W. A. Benjamin, |c 1968. | ||
| 300 | |a 1 v. (various pagings) ; |c 24 cm. | ||
| 504 | |a Incluye referencias bibliográficas. | ||
| 510 | 4 | |a MR, |c 41 #8422 | |
| 100 | 1 | |a Serre, Jean-Pierre. | |
| 650 | 0 | |a Representations of groups. | |
| 650 | 0 | |a Curves, Elliptic. | |
| 650 | 0 | |a Algebraic fields. | |
| 084 | |a 11G05 (11F33 11F80) |2 MR | ||
| 010 | |a 68020843 | ||
| 040 | |a DLC |c DLC |d DLC | ||
| 859 | |h 11 |i Se488 |p A-4310 |b BIB. MATEMATICA | ||
